[Event "POL-chT U19 2nd League"]
[Site "Iwonicz"]
[Date "2015.08.01"]
[Round "6.36"]
[White "Szelag, Zuzanna"]
[Black "Miasik, Patrycja"]
[Result "1-0"]
[WhiteElo "1671"]
[BlackElo "1149"]
[PlyCount "45"]
[EventDate "2015.07.25"]
[EventType "team-swiss"]
[EventRounds "11"]
[EventCountry "POL"]
[SourceTitle "EXT 2019"]
[Source "ChessBase"]
[SourceDate "2018.10.10"]
[SourceVersion "1"]
[SourceVersionDate "2018.10.10"]
[SourceQuality "1"]
[WhiteTeam "Gniezno LKS Chrobry U19"]
[BlackTeam "Rzeszow U20"]
[WhiteTeamCountry "POL"]
[BlackTeamCountry "POL"]

1. e4 c5 2. Nf3 d6 3. d4 cxd4 4. Nxd4 Nc6 5. Nc3 Nf6 6. Bc4 Bd7 7. Bg5 Ne5 8. Bb3 a6 9. Qd2 Nc6 10. f4 h6 11. Bxf6 gxf6 12. 0-0-0 Bg7 13. Qe2 Rg8 14. Qh5 Rf8 15. Nxc6 bxc6 16. Rd3 Qc8 17. Rg3 Bh8 18. Bxf7+ Kd8 19. Bb3 Kc7 20. Qa5+ Kb8 21. Bc4 Qb7 22. Na4 Ra7 23. Rb3 1-0